Медный листопад: стихи

Detaylı Bibliyografya
Yazar: Ахматова Р. С. Раиса Солтмурадовна
Diğer Yazarlar: Русаков Г. (переводчик)
Dil:Çeçence
Baskı/Yayın Bilgisi: Москва, Современник, 1974
Konular:
Materyal Türü: Kitap
KOHA link:https://koha.lib.tpu.ru/cgi-bin/koha/opac-detail.pl?biblionumber=234865

MARC

LEADER 00000nam0a2200000 4500
001 234865
005 20231101231345.0
035 |a (RuTPU)RU\TPU\book\255994 
090 |a 234865 
100 |a 20130401d1974 m y0rusy50 ca 
101 1 |a che 
102 |a RU 
105 |a c z 000gy 
200 1 |a Медный листопад   |e стихи  |f Р. С. Ахматова  |g пер. Г. Русаков 
210 |a Москва  |c Современник  |d 1974 
215 |a 126 с.  |c портр. 
606 1 |a Русская литература современная  |2 stltpush  |3 (RuTPU)RU\TPU\subj\26373  |9 50316 
610 1 |a поэзия 
610 1 |a стихи 
675 |a Р2  |v 3 
700 1 |a Ахматова  |b Р. С.  |g Раиса Солтмурадовна  |4 070 
702 1 |a Русаков  |b Г.  |4 730 
801 1 |a RU  |b 63413507  |c 20130401 
801 2 |a RU  |b 63413507  |c 20220112  |g RCR 
942 |c BK